|
|
|
|
| LEADER |
00956nab a2200253 i 4500 |
| 001 |
publ5468 |
| 005 |
20220729141823.0 |
| 008 |
150909s2015 hu o 0|| zxx d |
| 022 |
|
|
|a 1217-8950
|
| 024 |
7 |
|
|a 10.1556/030.62.2015.Suppl.2
|2 doi
|
| 024 |
7 |
|
|a 2926518
|2 mtmt
|
| 040 |
|
|
|a SZTE Publicatio Repozitórium
|b hun
|
| 041 |
|
|
|a zxx
|
| 100 |
1 |
|
|a Marik Tamás
|
| 245 |
1 |
0 |
|a SEQUENTIAL DIVERSITY OF PEPTAIBOL PROFILES OF TRICHODERMA SPECIES CAUSING GREEN MOULD DISEASE OF CULTIVATED MUSHROOMS
|h [elektronikus dokumentum] /
|c Marik Tamás
|
| 260 |
|
|
|a Akadémiai Kiadó
|c 2015
|
| 300 |
|
|
|a 180-181
|
| 490 |
0 |
|
|a Acta Microbiologica et Immunologica Hungarica
|v 62 No. Suppl. 2
|
| 650 |
|
4 |
|a Sejtbiológia, mikrobiológia
|
| 700 |
0 |
1 |
|a Szekeres András
|e aut
|
| 700 |
0 |
1 |
|a Druzhinina Irina S.
|e aut
|
| 700 |
0 |
1 |
|a Vágvölgyi Csaba
|e aut
|
| 700 |
0 |
1 |
|a Kredics László
|e aut
|
| 856 |
4 |
0 |
|u http://publicatio.bibl.u-szeged.hu/5468/1/MMT_2015_Marik.pdf
|z Dokumentum-elérés
|